000
00302nam a2200133Ia 4500
008
240624s9999 xx 000 0 und d
041
_a
eng
082
_a
823 DIL
100
_a
SCOTT ADAMS
245
_a
DILBERT PRINCIPLE
260
_c
2000
_a
New York
_b
Boxtree
300
_a
336 : p.
365
_c
RS
_b
20
999
_c
14022
_d
14022